<?xml version="1.0" encoding="UTF-8"?>
<marc:record xmlns:marc="http://www.loc.gov/MARC21/slim">
   <marc:leader>00000nam a2200000 a 4500</marc:leader>
   <marc:datafield ind1="1" ind2=" " tag="100">
      <marc:subfield code="a">Stohner, Anu</marc:subfield>
      <marc:subfield code="4">aut</marc:subfield>
      <marc:subfield code="e">Verfasser/-in</marc:subfield>
   </marc:datafield>
   <marc:datafield ind1="0" ind2="0" tag="245">
      <marc:subfield code="a">Robert und die Ritter</marc:subfield>
   </marc:datafield>
   <marc:datafield ind1="0" ind2="0" tag="245">
      <marc:subfield code="c">Anu Stohner. Mit Ill. von Jörg Mühle</marc:subfield>
   </marc:datafield>
   <marc:datafield ind1=" " ind2="1" tag="264">
      <marc:subfield code="a">München</marc:subfield>
      <marc:subfield code="b">Dt. Taschenbuch-Verl.</marc:subfield>
      <marc:subfield code="c">2011</marc:subfield>
   </marc:datafield>
   <marc:datafield ind1="1" ind2=" " tag="520">
      <marc:subfield code="a">Angaben aus der Verlagsmeldung

Robert und die Ritter Der Drachenwald / von Anu Stohner

Diesmal ist Robert beim Drehen nur ein bisschen aus dem Gleichgewicht gekommen. Sie landen, statt bei ihren tapferen Freunden auf der Wackerburg, bei den Raubrittern gegen&amp;uuml;ber: auf Burg Wolfeck. Da h&amp;ouml;ren sie, dass unten auf der Landstra&amp;szlig;e mal wieder eine Prinzessin vorbeigekommen ist, inkognito. Und in der Nacht ist sie verschwunden. Die Raubritter seien&amp;rsquo;s gewesen, denken alle, aber das wissen die nat&amp;uuml;rlich besser: Sie waren&amp;rsquo;s nicht. Wer war&amp;rsquo;s aber dann? Im Wald unter Wolfeck soll ja ein Drache hausen, der fr&amp;uuml;her auf Prinzessinnen spezialisiert war. Gibt&amp;rsquo;s den noch? Und wenn ja, sollen sie versuchen, ihm die Prinzessin abzujagen? Ein echter Fall f&amp;uuml;r Robert und die kleinen Ritter.
</marc:subfield>
   </marc:datafield>
   <marc:datafield ind1=" " ind2=" " tag="020">
      <marc:subfield code="a">9783423624985</marc:subfield>
      <marc:subfield code="9">9783423624985</marc:subfield>
   </marc:datafield>
   <marc:datafield ind1=" " ind2=" " tag="020">
      <marc:subfield code="a">3423624981</marc:subfield>
      <marc:subfield code="9">3423624981</marc:subfield>
   </marc:datafield>
   <marc:datafield ind1=" " ind2=" " tag="041">
      <marc:subfield code="a">ger</marc:subfield>
   </marc:datafield>
   <marc:datafield ind1=" " ind2=" " tag="300">
      <marc:subfield code="a">159 S.</marc:subfield>
   </marc:datafield>
</marc:record>
